000 00801nam a2200253 4500
001 117653
003 ES-MaACL
005 20250407063113.0
007 t|
008 070214s1956 sp r ||||1| cat d
100 1 _aPedrolo, Manuel de,
_d1918-1991
_989937
245 1 3 _aUn món per a tolhom
_b: Temps simultanis ; Cent histáories ; Jock ; Els vius i els morts /
_cManuel de Pedrolo.
250 _a[1ª ed.].
260 _aBarcelona :
_bAlberti,
_c1956.
300 _a143 p. ;
_c16 cm.
490 1 _aNova colleció lletres ;
_v21
740 0 _aTemps simultanis.
740 0 _aCent histáories.
740 0 _aJock.
740 0 _aEls vius i els morts.
830 0 _aNova colleció lletres ;
_v21
_9233368
852 _aES-MaACL
_jC-13530
_bR.39517
999 _c117653
_d117653